000 00314nam a2200109Ia 4500
008 220204s9999 xx 000 0 und d
082 _a82-36
_bSES.2
100 _aFrith, Michael
245 4 _aThe Sesame street treasury. Book 2 (Featuring the letters G to M)
260 _aNew York
_bRandom House
_c1979
942 _cBK
999 _c38511
_d38511